Ekonomický rast miest SR diplomová práca

Salvato in:
Dettagli Bibliografici
Autore principale: Bokorová, Silvia
Ente Autore: Národohospodárska fakulta EU. Katedra verejnej správy a regionálneho rozvoja
Altri autori: Rehák, Štefan, 1974-
Natura: Libro
Lingua:slovacco
Pubblicazione: Bratislava 2015
Tags: Aggiungi Tag
Nessun Tag, puoi essere il primo ad aggiungerne!!

MARC

LEADER 00000nbm a2200000 4500
001 0202509
005 20161212095354.9
041 0 |a slo 
044 |a SK 
245 1 0 |a Ekonomický rast miest SR  |b diplomová práca  |c Silvia Bokorová ; školiteľ: Štefan Rehák 
264 1 |a Bratislava  |c 2015 
300 |a 62 s. 
100 1 |a Bokorová, Silvia 
700 1 |a Rehák, Štefan, 1974- 
710 2 |a Národohospodárska fakulta EU. Katedra verejnej správy a regionálneho rozvoja